| 000 | 01719nam0a22003971 4500 | ||
|---|---|---|---|
| 001 | rc\2989482 | ||
| 005 | 20250806210735.0 | ||
| 035 | _a(NLR Aleph) 007133659 | ||
| 090 |
_a66617 _c66617 |
||
| 100 | _a20110914d1941 u y0rusy50 ca | ||
| 101 | 0 | _arus | |
| 102 | _aRU | ||
| 105 | _aa z ||||| | ||
| 135 | _acrbn 008apadp | ||
| 200 | 1 |
_aПВХО _eПособие для ускоренной подготовки трудящихся по нормам ПВХО 1-й ступени _fЛенинградский гор. совет Осоавиахима |
|
| 210 |
_a[Ленинград] _cЛениздат _d1941 |
||
| 215 |
_a70, [2] с. _cил. _d16 см |
||
| 300 | _aНа обороте тит. л. сост.: А.Н. Алешинский и Е.Е. Атаманов, под ред. М.И. Хромова | ||
| 325 | _aКопия доступна в Электрон. б-ке РНБ | ||
| 700 | 1 |
_aАлешинский _bА.Н. |
|
| 701 | 1 |
_aАтаманов _bЕ.Е. |
|
| 702 | 1 |
_aХромов _bМ.И. _4340 |
|
| 801 | 0 |
_aRU _bNLR _gpsbo |
|
| 801 | 1 |
_aRU _bELAR _2rusmarc |
|
| 852 |
_aNLR _jВ40 Г-2/116 |
||
| 852 |
_aNLR _jВ60 Г-2/380 |
||
| 856 | 0 | _uhttp://vivaldi.nlr.ru/ab000002010/view | |
| 856 | 1 | _uhttp://vivaldi.nlr.ru/ab000002010/cover | |
| 856 | 2 | _uhttp://vivaldi.nlr.ru/ab000002010/text | |
| 901 | _eКнижные издания | ||
| 942 | _cBOOK | ||
| 945 | _aРоссийская национальная библиотека | ||
| 980 | _aNB | ||
| 980 | _aBV | ||
| 981 | 3 | 7 |
_a(37) Ленинград в Великой Отечественной войне _b(37) Книги блокадного Ленинграда |
| 981 | 3 | 4 | _a(34) Санкт-Петербург |